000
00265nam a22000977a 4500
082
_a
629.2 AUT'O
245
_a
AUTOMOBILE MECHANICS FOR VOCATIONAL HIGH SCHOOL A SUGGESTED SYLLABUS
260
_a
NEWYORK
_b
UNIVERSITY OF THE STATE
_c
1960
300
_a
131P
942
_c
BK
999
_c
568927
_d
568927